01547nab a2200229uuc4500001000800000005001700008008004100025035001200066035002100078040001300099041000800112100005000120245013000170520065500300650004900955650003701004700005201041700005201093773014301145942001001288999001901298123173020240202101031.0110214e20100701 spa  a1231730 a(OCoLC)820574384 ccomduadb aspa10aCorrea Fonnegra, Juan Byron4auteaut952571110aDesigualdad étnico-racial en la distribución del ingreso en Colombia : un análisis a partir de Regresión Cuantílica3 aAnaliza las brechas salariales en diferentes puntos de la distribución condicional del ingreso según condición étnico-racial. Para ello se utiliza los datos de la Encuesta Nacional de Hogares de diciembre del 2000 (ENH-110). La metodología involucra la estimación de regresiones mincerianas, la corrección del sesgo de endogeneidad presente en este tipo de ecuaciones y se utiliza la metodología de descomposición de Melly (2005). Los resultados muetran el efecto preponderante de la parte "no explicada" en las brechas salariales entre afrocolombianos y no afrocolombianos, lo cual podría ser el resultado de la discriminación. aDistribución del ingreso - Colombia913033 aDiscriminación étnica95551610aViafara Lopez, Carlos Augusto4auteaut955520110aZuluaga Gonzalez, Victor Hugo4auteaut96136080 tSociedad y Economía : Facultad de Ciencias Sociales y Económicas (Cali)gNo. 19, Jun.-Dic. 2010, p. 153-178w901302x1657-63570332084 cARIMP c575331d575331